000 00722nam a2200205Ia 4500
001 14809
003 GE_BSU
008 181216s||||||||xx |||||||||||||| ||und||
040 _cGE_BSU
080 _a514.11(076)
100 _aАргунов, Б.И.,Демидова,И. Н. Литвиненко,В.Н.
245 _aЗадачник- практикум по геометрии. Ч. 1.
245 _bУчебное пособие для студ.-заочн. физ-мат.фак-ов пед. ин-тов
260 _aМосква
260 _bПросвещение.
260 _c1979
300 _a125стр.20см.
653 _aЗадачник- практикум по геометрии. Ч. 1.
942 _cBK
999 _c47932
_d47932